Online
Catalog

Dominican women across three generacions : educational dreams, goals and hopes / (Record no. 51528)

MARC details
000 -CABECERA
campo de control de longitud fija 00953nam a22002537a 4500
003 - IDENTIFICADOR DEL NÚMERO DE CONTROL
campo de control OSt
005 - FECHA Y HORA DE LA ÚLTIMA TRANSACCIÓN
campo de control 20220412112135.0
008 - DATOS DE LONGITUD FIJA--INFORMACIÓN GENERAL
campo de control de longitud fija 110301s2008 xxu 000 0 spa d
040 ## - FUENTE DE LA CATALOGACIÓN
Centro catalogador/agencia de origen DO-SdBNP
Lengua de catalogación spa
Centro/agencia transcriptor BNPHU
082 ## - NÚMERO DE LA CLASIFICACIÓN DECIMAL DEWEY
Número de clasificación xxxx
Número de documento/Ítem S731d
100 1# - ENTRADA PRINCIPAL--NOMBRE DE PERSONA
Nombre de persona Soy, Rosie M.
9 (RLIN) 53018
245 10 - MENCIÓN DE TÍTULO
Título Dominican women across three generacions : educational dreams, goals and hopes /
Mención de responsabilidad, etc. Rosie M. Soy, Stefan Bosworth ; prefacio Ramona Hernández
260 ## - PUBLICACIÓN, DISTRIBUCIÓN, ETC.
Lugar de publicación, distribución, etc. New York, Estados Unidos :
Nombre del editor, distribuidor, etc. CUNY Dominican studies institute.
Fecha de publicación, distribución, etc. 2008.
300 ## - DESCRIPCIÓN FÍSICA
Extensión 50 p. :
Dimensiones 23 cm.
490 1# - MENCIÓN DE SERIE
Mención de serie Dominican research monograph
500 ## - NOTA GENERAL
Nota general Mujeres dominicanas a lo largo de tres generaciones: sueños, metas y esperanzas educativas
504 ## - NOTA DE BIBLIOGRAFÍA, ETC.
Nota de bibliografía, etc. Biografías p: 48-50
590 ## - NOTA LOCAL (RLIN)
Nota local Inventariado, 2022/ YL
700 12 - PUNTO DE ACCESO ADICIONAL--NOMBRE DE PERSONA
Nombre de persona Bosworth, Stefan
9 (RLIN) 81457
700 12 - PUNTO DE ACCESO ADICIONAL--NOMBRE DE PERSONA
Nombre de persona Hernández, Ramona
Término indicativo de función/relación pref.
9 (RLIN) 10103
830 #0 - PUNTO DE ACCESO ADICIONAL DE SERIE-TÍTULO UNIFORME
Número de parte o sección de la obra Dominican research monograph
9 (RLIN) 81458
910 ## - DATOS DE OPCIÓN DEL USUARIO (OCLC)
Datos de opción del usuario YLockward
942 ## - ELEMENTOS DE PUNTO DE ACCESO ADICIONAL (KOHA)
Fuente del sistema de clasificación o colocación Dewey Decimal Classification
Tipo de ítem Koha Libro
Holdings
Estado de retiro Estado de pérdida Fuente del sistema de clasificación o colocación Restricciones de uso No para préstamo Código de colección Localización permanente Ubicación/localización actual Ubicación en estantería Fecha de adquisición Fuente de adquisición Total de préstamos Signatura topográfica completa Código de barras Fecha visto por última vez Precio válido a partir de Tipo de ítem Koha
    Dewey Decimal Classification Préstamo restringido   Patrimonio Dominicano Biblioteca Nacional Pedro Henríquez Ureña Biblioteca Nacional Pedro Henríquez Ureña En catalogación 20.10.2020 CUNY   xxxx S731d 2022-1361 12.04.2022 12.04.2022 Libro

Powered by Koha